Diabetes Mellitus: (Registro nro. 2523)

Detalles MARC
000 -LEADER
campo de control de longitud fija 00892nam a22002417a 4500
001 - NÚMERO DE CONTROL
campo de control 2523
003 - IDENTIFICADOR DE NÚMERO DE CONTROL
campo de control HMS
005 - FECHA Y HORA DE LA ÚLTIMA TRANSACCIÓN
campo de control 20250625090100.0
008 - DATOS DE LONGITUD FIJA--INFORMACIÓN GENERAL
campo de control de longitud fija 250625e1992 cl a|||frnt|| 001 0 spa
020 ## - NÚMERO INTERNACIONAL ESTÁNDAR DEL LIBRO
Número Internacional Estándar del Libro 9682519098
040 ## - FUENTE DE CATALOGACIÓN
Centro catalogador/agencia de origen hms
Lengua de catalogación spa
Centro/agencia transcriptor hms
050 04 - SIGNATURA TOPOGRÁFICA DE LA BIBLIOTECA DEL CONGRESO
Número de clasificación WK835
Número de ítem R1992
100 1# - ENTRADA PRINCIPAL--NOMBRE DE PERSONA
Nombre de persona Rull, Juan
Término indicativo de función/relación autor
9 (RLIN) 3582
245 10 - MENCIÓN DEL TÍTULO
Título Diabetes Mellitus:
Resto del título complicaciones crónicas /
Mención de responsabilidad, etc. Juan Rull, Eduardo Zorrilla, Mauricio Jadzinsky, Julio Santiago.
Medio [libro]
250 ## - MENCION DE EDICION
Mención de edición 1ª edición
260 ## - PUBLICACIÓN, DISTRIBUCIÓN, ETC.
Lugar de publicación, distribución, etc. México :
Nombre del editor, distribuidor, etc. Nueva Editorial Interamericana,
Fecha de publicación, distribución, etc. c 1992
300 ## - DESCRIPCIÓN FÍSICA
Extensión XV, 379 páginas :
Otras características físicas ilustraciones
500 ## - NOTA GENERAL
Nota general Incluye índice
504 ## - NOTA DE BIBLIOGRAFÍA, ETC.
Nota de bibliografía, etc. Incluye bibliografías
505 ## - NOTA DE CONTENIDO CON FORMATO
Nota de contenido con formato 1ª. Aspectos generales. -- 2ª. Patogénesis. -- 3ª. Enfermedades microvasculares. -- 4ª. Retinopatía. -- 5ª. Nefropatía. -- 6ª. Neuropatía.
650 #7 - PUNTO DE ACCESO ADICIONAL DE MATERIA--TÉRMINO DE MATERIA
Término de materia o nombre geográfico como elemento de entrada Diabetes Mellitus
9 (RLIN) 3583
942 ## - ELEMENTOS DE ENTRADA SECUNDARIOS (KOHA)
Fuente del sistema de clasificación o colocación Clasificación de Library of Congress
Tipo de ítem Koha Colección Médica
Suprimir en OPAC No
Existencias
Estatus retirado Estado de pérdida Fuente del sistema de clasificación o colocación Estado de daño No para préstamo Colección Biblioteca de origen Biblioteca actual Ubicación en estantería Fecha de adquisición Fuente de adquisición Número de inventario Total de préstamos Signatura topográfica completa Código de barras Visto por última vez Copia número Precio de reemplazo Tipo de ítem Koha
    Clasificación de Library of Congress     Colección Reserva Biblioteca Hospital Militar de Santiago Biblioteca Hospital Militar de Santiago Full Space 13/06/1994 Donación 000471   WK835 R935 1ªed 1992 000471 25/06/2025 c.1 25/06/2025 Colección Médica
    Clasificación de Library of Congress     Colección Reserva Biblioteca Hospital Militar de Santiago Biblioteca Hospital Militar de Santiago Full Space 13/06/1994 Donación 001810   WK835 R935 1ªed 1992 001810 25/06/2025 c.2 25/06/2025 Colección Médica


Biblioteca Hospital Militar de Santiago / Av. Alcalde Fernando Castillo Velasco 9100
Teléfono: 22 331 7229 / E-mail: biblioteca@hms.cl
Horarios de Atención
Lunes a Viernes de: 08:00 a 13:00 hrs / 14:00 a 17:00 hrs